Quiz Kage Naruto - Statistiques

Statistiques générales
  • Ce quiz a été pris 192 fois
  • Le résultat moyen est 18 sur 26
Statistiques - réponses
Hint Réponse % Correct
6ème Hokage Kakashi
98%
7ème Hokage Naruto
98%
4ème Hokage Minato
97%
1er Hokage Hashirama
96%
5ème Hokage Tsunade
96%
2ème Hokage Tobirama
95%
3ème Hokage Hiruzen
92%
5ème Kazekage Gaara
91%
1er Raikage A
90%
2ème Raikage A
90%
3ème Raikage A
90%
4ème Raikage A
90%
6ème Hokage (temporaire) Danzo
86%
3ème Tsuchikage Onoki
71%
4ème Mizukage Mei
70%
2ème Tsuchikage Mu
62%
5ème Raikage Darui
61%
4ème Kazekage Rasa
55%
3ème Mizukage Yagura
45%
5ème Mizukage Chojuro
44%
4ème Tsuchikage Kurotsuchi
40%
2ème Mizukage Gengetsu
35%
2ème Kazekage Shamon
23%
1er Mizukage Byakuren
22%
1er Kazekage Reto
18%
1er Tsuchikage Ishikawa
16%
Aucun quiz correspondant
Distribution des résultats
% des personnes avec chaque résultat
Percentile par nombre de réponses
Votre historique - résultats
Vous n’avez pas pris ce quiz